000 01085cad a22002055a 4500
001 L156683
008 120622s2012 xxk f 000 0 eng d
035 _a(Sirsi) u156683
041 0 _aeng
110 2 _aUnited Kingdom
_bDepartment of Energy and Climate Change
_95850
245 0 0 _aResearch Report
_bHow to explain the Green Deal
_h[electronic resource]
260 _aLondon
_bDECC
_c2012
520 _aThe report produced by Optimisa Research collected quantitative evidence to inform how DECC and the Energy Saving Advice Service could explain the Green Deal. Findings include the fact that participants were most receptive to the financial aspects of the Green Deal when they had understood the types of improvements that the scheme could provide.
590 _aKA NTK
651 4 _aENGLAND AND WALES
690 _aSustainability
_96271
690 _aEnvironment
_96238
856 4 0 _uhttps://www.decc.gov.uk/assets/decc/11/tackling-climate-change/green-deal/5512-research-report-how-to-explain-the-green-deal.pdf
_zView the item free of charge at www.decc.gov.uk
942 _n0
999 _c114360
_d114360